| 000 | 01603nam a2200385Ia 4500 | ||
|---|---|---|---|
| 001 | ebr10229831 | ||
| 003 | CaPaEBR | ||
| 006 | m u | ||
| 007 | cr cn||||||||| | ||
| 008 | 070808s2007 enk sb 001 0 eng d | ||
| 020 | _z0335220665 (hbk.) | ||
| 020 | _z9780335220663 (hbk.) | ||
| 020 | _z0335220657 (pbk.) | ||
| 020 | _z9780335220656 (pbk.) | ||
| 040 |
_aCaPaEBR _cCaPaEBR |
||
| 035 | _a(OCoLC)646747802 | ||
| 050 | 1 | 4 |
_aHV9960.G7 _bS46 2007eb |
| 100 | 1 | _aSenior, Paul. | |
| 245 | 1 | 0 |
_aUnderstanding modernisation in criminal justice _h[electronic resource] / _cby Paul Senior, Chris Crowther-Dowey and Matt Long. |
| 260 |
_aMaidenhead, England ; _aNew York : _bMcGraw Hill/Open University Press, _c2007. |
||
| 300 | _axii, 268 p. | ||
| 490 | 1 | _aCrime and justice | |
| 504 | _aIncludes bibliographical references and index. | ||
| 533 |
_aElectronic reproduction. _bPalo Alto, Calif. : _cebrary, _d2009. _nAvailable via World Wide Web. _nAccess may be limited to ebrary affiliated libraries. |
||
| 650 | 0 |
_aCriminal justice, Administration of _zEngland. |
|
| 650 | 0 |
_aCriminal justice, Administration of _zWales. |
|
| 650 | 0 |
_aCriminal justice, Administration of _zEngland _xHistory. |
|
| 650 | 0 |
_aCriminal justice, Administration of _zWales _xHistory. |
|
| 655 | 7 |
_aElectronic books. _2local |
|
| 700 | 1 | _aCrowther-Dowey, Chris. | |
| 700 | 1 | _aLong, Matt. | |
| 710 | 2 | _aebrary, Inc. | |
| 830 | 0 | _aCrime and justice (Buckingham, England) | |
| 856 | 4 | 0 |
_uhttp://site.ebrary.com/lib/rucke/Doc?id=10229831 _zAn electronic book accessible through the World Wide Web; click to view |
| 999 |
_c39121 _d39121 |
||